ბათუმის შოთა რუსთაველის სახელმწიფო უნივერსიტეტის ბიბლიოთეკა

წარსულის სურათები (ბიბ.ჩანაწერი № 42681)

000 -LEADER
fixed length control field 01098nam a2200229Ia 4500
001 - CONTROL NUMBER
control field 9385
003 - CONTROL NUMBER IDENTIFIER
control field GE_BSU
008 - FIXED-LENGTH DATA ELEMENTS--GENERAL INFORMATION
fixed length control field 181216s||||||||xx |||||||||||||| ||und||
040 ## - CATALOGING SOURCE
Transcribing agency GE_BSU
080 ## - UNIVERSAL DECIMAL CLASSIFICATION NUMBER
Universal Decimal Classification number 76(479.22)(084.1)+398.2(479.22)+821.353.1-91
100 ## - MAIN ENTRY--PERSONAL NAME
Personal name მალაზონია,ნოდარ
245 ## - TITLE STATEMENT
Title წარსულის სურათები
245 ## - TITLE STATEMENT
Remainder of title გრაფიკული ნამუშევრების ალბომი ზეპირსიტყვიერების ნიმუშებით
245 ## - TITLE STATEMENT
Statement of responsibility, etc. მ. ლებანიძის წინასიტყვაობით.რედ. ჯიშკარიანი ოთარ
260 ## - PUBLICATION, DISTRIBUTION, ETC.
Place of publication, distribution, etc. თბილისი
260 ## - PUBLICATION, DISTRIBUTION, ETC.
Name of publisher, distributor, etc. მერანი
260 ## - PUBLICATION, DISTRIBUTION, ETC.
Date of publication, distribution, etc. 1971
300 ## - PHYSICAL DESCRIPTION
Extent 12გვ.ილ.პორტრ.21სმ.
653 ## - INDEX TERM--UNCONTROLLED
Uncontrolled term გრაფიკული ნამუშევრების ალბომი ზეპირსიტყვიერების ნიმუშებით
653 ## - INDEX TERM--UNCONTROLLED
Uncontrolled term წარსულის სურათები
942 ## - ADDED ENTRY ELEMENTS (KOHA)
Koha item type წიგნი
ეგზემპლარები
Withdrawn status Lost status Damaged status Not for loan Date acquired Barcode Date last seen Price effective from Koha item type
        2018-12-17 32281 2018-12-17 2018-12-17 წიგნი
        2018-12-17 32282 2018-12-17 2018-12-17 წიგნი